Gaming Quiz

Random Gaming or Video Games Quiz
Score 0/25 Timer 07:00
2 Plays Today
Island(s) Game % Correct
Angel IslandSonic the Hedgehog 3
83.8%
Cinnabar IslandPokémon Red/Blue Version
78.4%
Crocodile IsleDonkey Kong Country 2: Diddy's Kong Quest
57.5%
Destiny IslandsKingdom Hearts
49.6%
MystMyst
44.3%
Besaid IslandFinal Fantasy X
43.7%
Outset IslandThe Legend of Zelda: The Wind Waker
40%
Isle DelfinoSuper Mario Sunshine
38.6%
Shadow MosesMetal Gear Solid
38.5%
N. Sanity IslandCrash Bandicoot
23.3%
Treasure Trove CoveBanjo-Kazooie
18.4%
Mêlée IslandThe Secret of Monkey Island
18.4%
The Zombie Island of Dr. NedBorderlands
17.7%
Island(s) Game % Correct
Oni IslandOkami
14.8%
The Isle of SpearsWorld of Warcraft
12.5%
Colony IslandGrand Theft Auto IV
11.9%
Misty IslandJak and Daxter: The Precursor Legacy
11.1%
Timber's IslandDiddy Kong Racing
11%
PanauJust Cause 2
8.2%
Tatsumi Port IslandShin Megami Tensei: Persona 3
8%
Valor IslandFire Emblem
7.3%
MarbuleChrono Cross
5.9%
DiademBaten Kaitos: Eternal Wings and the Lost Ocean
3%
The IslandsLittleBigPlanet
2.5%
DipanValkyrie Profile
2.2%
Remove Ads.
Support Sporcle.
Get the best of Sporcle when you Go Orange. This ad-free experience offers more features, more stats, and more fun while also helping to support Sporcle. Thank you for becoming a member.

You're not logged in!

Compare scores with friends on all Sporcle quizzes.
OR
Log In

Show Comments

Extras

Top Quizzes Today


Score Distribution

Your Account Isn't Verified!

In order to create a playlist on Sporcle, you need to verify the email address you used during registration. Go to your Sporcle Settings to finish the process.

Report this User

Report this user for behavior that violates our Community Guidelines.

Details: